| 000 | 01506naa a22003257a 4500 | ||
|---|---|---|---|
| 001 | BR8500787 | ||
| 003 | BR-BrBNA | ||
| 005 | 20240918175515.0 | ||
| 007 | ta | ||
| 008 | 230509b bl.||||| |||| 00| 0 por d | ||
| 040 |
_aBR-BrBNA _bpor _cBiblioteca Nacional de Agricultura |
||
| 041 | _a(Pt) | ||
| 072 |
_aH60; F30 _b0180 _b3876 _bG514 |
||
| 090 | _aH60 BR8500787 | ||
| 100 | 1 | _aRuedell, J. | |
| 100 | 1 | _aSilva, M.T.B. da | |
| 111 | 1 |
_a13. Reuniao Nacional de Pesquisa de Trigo _cCruz Alta, RS (Brazil) _d16-20 Jul 1984 |
|
| 245 | 1 | _aSeletividade de cultivares de trigo ao dicamba [Triticum aestivum, herbicida, cipo-de-veado, Polygonum convolvulus, Rio Grande do Sul, Brasil] | |
| 246 | 1 | _a[Selectivenes of wheat cultivars to dicamba herbicide [Triticum aestivum, weed, Polygonum convolvulus, Rio Grande do Sul, Brazil]] | |
| 246 | 1 | _a[Contribution of the Centro de Experimentacao e Pesquisa to the 13. National Meeting of Wheat Research] | |
| 260 | 3 |
_aCruz Alta, RS (Brasil): _c1984. |
|
| 500 | _aContribuicao do Centro de Experimentacao e Pesquisa a 13. Reuniao Nacional de Pesquisa de Trigo Cruz Alta, RS (Brasil): 1984. p. 106-111 (BR8500787-AM)H60 | ||
| 650 | _aTRIGO | ||
| 650 | _aHERBICIDA | ||
| 650 | _aERVA DANINHA | ||
| 650 | _aCIPO-DE-VEADO | ||
| 773 | 0 |
_tContribuicao do Centro de Experimentacao e Pesquisa a 13. Reuniao Nacional de Pesquisa de Trigo _wH60 BR8500787 _gCruz Alta, RS (Brasil), 1984. p. 106-111 |
|
| 909 |
_a202404 _bLucia _c55 _dLucia Elande |
||
| 942 |
_cAM _2AGRIS |
||
| 999 |
_c317056 _d317056 |
||